[Event "Wroclaw"]
[Site "?"]
[Date "2020.08.25"]
[Round "8.1"]
[White "Mis, Mieszko"]
[Black "Teclaf, Pawel"]
[Result "0-1"]
[BlackElo "2382"]
[WhiteElo "2258"]
[LiveChessVersion "1.4.8"]

1. d4 {[%clk 0:15:15]} e6 {[%clk 0:15:09]} 2. c4 {[%clk 0:14:34]} b6
{[%clk 0:15:17]} 3. a3 {[%clk 0:14:31]} Bb7 {[%clk 0:15:04]} 4. Nc3
{[%clk 0:14:16]} Nf6 {[%clk 0:15:13]} 5. d5 {[%clk 0:14:11]} Na6 {[%clk 0:15:22]}
6. g3 {[%clk 0:13:37]} Nc5 7. Bg2 {[%clk 0:13:25]} a5 {[%clk 0:15:08]} 8. Nf3
{[%clk 0:12:13]} Be7 {[%clk 0:14:52]} 9. O-O {[%clk 0:12:08]} O-O
{[%clk 0:14:38]} 10. Rb1 Re8 {[%clk 0:14:32]} 11. Nd4 {[%clk 0:11:37]} Qc8
{[%clk 0:12:51]} 12. Re1 {[%clk 0:10:17]} a4 {[%clk 0:12:55]} 13. e4
{[%clk 0:09:28]} d6 {[%clk 0:12:51]} 14. Bh3 {[%clk 0:09:10]} Bf8
{[%clk 0:12:55]} 15. Bg5 {[%clk 0:07:33]} Nfd7 {[%clk 0:12:17]} 16. Qc2
{[%clk 0:05:59]} Ne5 {[%clk 0:12:00]} 17. Ncb5 c6 {[%clk 0:12:08]} 18. dxc6
{[%clk 0:05:40]} Bxc6 {[%clk 0:11:49]} 19. Bg2 {[%clk 0:05:07]} Nb3
{[%clk 0:10:58]} 20. Rbd1 Bd7 {[%clk 0:10:50]} 21. Qc3 {[%clk 0:01:04]} Nxc4
{[%clk 0:10:14]} 22. Nxb3 axb3 {[%clk 0:10:22]} 23. Nd4 {[%clk 0:00:31]} Qc5
{[%clk 0:10:14]} 24. Nxb3 {[%clk 0:00:30]} Qxg5 {[%clk 0:09:36]} 25. Qxc4
{[%clk 0:00:31]} Rec8 {[%clk 0:09:25]} 26. Qd3 Ba4 {[%clk 0:09:02]} 27. Rb1
{[%clk 0:00:21]} Ra7 {[%clk 0:08:38]} 28. Nd4 Qh5 {[%clk 0:08:47]} 29. b3
{[%clk 0:00:27]} Bd7 {[%clk 0:08:56]} 30. a4 {[%clk 0:00:34]} Rac7
{[%clk 0:08:46]} 31. Nb5 Rc2 {[%clk 0:08:55]} 32. Nxd6 {[%clk 0:00:35]} Qc5
{[%clk 0:05:44]} 33. Rf1 {[%clk 0:00:28]} Rc3 {[%clk 0:04:59]} 34. Qd2
{[%clk 0:00:37]} Bxd6 {[%clk 0:04:59]} 35. Rbd1 {[%clk 0:00:37]} Rxb3
{[%clk 0:05:14]} 36. Qxd6 {[%clk 0:00:20]} Qxd6 {[%clk 0:05:14]} 37. Rxd6
{[%clk 0:00:29]} Bxa4 {[%clk 0:05:22]} 38. Ra1 {[%clk 0:00:21]} Rb4
{[%clk 0:05:17]} 39. e5 {[%clk 0:00:25]} g6 {[%clk 0:05:24]} 40. h4
{[%clk 0:00:30]} Rc5 {[%clk 0:04:59]} 41. Re1 {[%clk 0:00:19]} Rb2
{[%clk 0:04:02]} 42. Rd3 b5 {[%clk 0:04:07]} 43. Rb1 {[%clk 0:00:19]} Rxe5
{[%clk 0:03:58]} 44. Ra1 {[%clk 0:00:19]} Rc5 {[%clk 0:03:26]} 45. Be4
{[%clk 0:00:13]} Rc7 {[%clk 0:03:23]} 46. Rd6 {[%clk 0:00:13]} Kg7
{[%clk 0:03:23]} 47. Rd4 {[%clk 0:00:16]} Bc2 {[%clk 0:03:11]} 48. Rd2
{[%clk 0:00:21]} Rb1+ {[%clk 0:03:19]} 49. Rxb1 {[%clk 0:00:26]} Bxb1
{[%clk 0:03:27]} 50. Bxb1 {[%clk 0:00:25]} Rc1+ {[%clk 0:03:36]} 51. Kg2 Rxb1
{[%clk 0:03:45]} 52. Rd7 {[%clk 0:00:43]} e5 {[%clk 0:03:38]} 53. Kf3
{[%clk 0:00:18]} h5 {[%clk 0:03:36]} 54. Rb7 {[%clk 0:00:26]} Kf6
{[%clk 0:03:42]} 55. Ke4 {[%clk 0:00:30]} Rb4+ {[%clk 0:03:42]} 56. Kf3
{[%clk 0:00:35]} Ke6 57. Ke3 Rb3+ {[%clk 0:03:55]} 58. Ke2 {[%clk 0:00:48]} f6
{[%clk 0:04:02]} 59. Rb6+ {[%clk 0:00:43]} Kf5 {[%clk 0:04:10]} 60. Kf1
{[%clk 0:00:49]} e4 {[%clk 0:04:10]} 61. Kg2 {[%clk 0:00:52]} Rb2
{[%clk 0:04:18]} 62. Kg1 {[%clk 0:00:59]} b4 {[%clk 0:04:09]} 63. Rb5+
{[%clk 0:00:43]} Kg4 64. Rb6 Kh3 {[%clk 0:03:39]} 65. Kf1 {[%clk 0:01:01]} b3
{[%clk 0:03:48]} 66. Rxf6 {[%clk 0:00:30]} Rb1+ {[%clk 0:03:57]} 67. Ke2
{[%clk 0:00:39]} b2 {[%clk 0:04:06]} 68. Rb6 {[%clk 0:00:45]} 0-1

[Event "Wroclaw"]
[Site "?"]
[Date "2020.08.25"]
[Round "8.2"]
[White "Godzwon, Iwo"]
[Black "Fus, Jakub"]
[Result "1/2-1/2"]
[BlackElo "2191"]
[WhiteElo "2278"]
[LiveChessVersion "1.4.8"]

1. e4 {[%clk 0:15:19]} e6 {[%clk 0:15:19]} 2. d4 {[%clk 0:15:26]} d5
{[%clk 0:15:28]} 3. Nd2 {[%clk 0:15:35]} c5 {[%clk 0:15:37]} 4. exd5
{[%clk 0:15:43]} Qxd5 {[%clk 0:15:46]} 5. Ngf3 {[%clk 0:15:52]} cxd4
{[%clk 0:15:55]} 6. Bc4 {[%clk 0:16:01]} Qd7 {[%clk 0:16:04]} 7. O-O
{[%clk 0:15:59]} Nf6 {[%clk 0:16:12]} 8. Nb3 {[%clk 0:16:08]} Nc6
{[%clk 0:16:21]} 9. Qe2 {[%clk 0:16:10]} a6 {[%clk 0:15:43]} 10. a4
{[%clk 0:16:19]} Qc7 {[%clk 0:14:57]} 11. Rd1 {[%clk 0:13:26]} Be7
{[%clk 0:15:03]} 12. Nbxd4 {[%clk 0:13:30]} Nxd4 {[%clk 0:13:40]} 13. Rxd4
{[%clk 0:13:35]} Bc5 {[%clk 0:13:03]} 14. Rh4 {[%clk 0:13:44]} b6
{[%clk 0:11:41]} 15. Bf4 {[%clk 0:13:07]} Qe7 {[%clk 0:11:27]} 16. c3
{[%clk 0:11:06]} Bb7 {[%clk 0:11:24]} 17. b4 {[%clk 0:09:48]} Bd6
{[%clk 0:11:20]} 18. Bxd6 {[%clk 0:09:52]} Qxd6 {[%clk 0:11:29]} 19. Rd1
{[%clk 0:09:28]} Qc7 {[%clk 0:10:18]} 20. Ne5 {[%clk 0:07:50]} O-O
{[%clk 0:09:11]} 21. Ng4 {[%clk 0:05:19]} Nxg4 {[%clk 0:07:13]} 22. Qxg4
{[%clk 0:05:18]} Rad8 {[%clk 0:05:24]} 23. Re1 {[%clk 0:04:59]} Bd5
{[%clk 0:04:30]} 24. Qh3 {[%clk 0:03:30]} h6 {[%clk 0:02:07]} 25. Bxa6
{[%clk 0:03:38]} Ra8 {[%clk 0:01:42]} 26. Bb5 {[%clk 0:02:32]} Bb3
{[%clk 0:01:46]} 27. Ra1 {[%clk 0:02:03]} Rfc8 28. Rd4 {[%clk 0:01:41]} Qe5
{[%clk 0:00:40]} 29. Qd3 {[%clk 0:01:28]} Bd5 {[%clk 0:00:17]} 30. c4
{[%clk 0:01:00]} Bc6 {[%clk 0:00:20]} 31. Bxc6 {[%clk 0:00:58]} Rxc6
{[%clk 0:00:29]} 32. Rd8+ {[%clk 0:01:08]} Rxd8 {[%clk 0:00:38]} 33. Qxd8+
{[%clk 0:01:17]} Kh7 {[%clk 0:00:47]} 34. Qd3+ {[%clk 0:01:26]} g6
{[%clk 0:00:47]} 35. Rb1 {[%clk 0:01:11]} Qf4 {[%clk 0:00:34]} 36. c5
{[%clk 0:00:39]} bxc5 {[%clk 0:00:27]} 37. b5 {[%clk 0:00:49]} c4
{[%clk 0:00:25]} 38. Qf3 {[%clk 0:00:58]} Qxf3 {[%clk 0:00:16]} 39. gxf3
{[%clk 0:01:07]} Rc8 {[%clk 0:00:19]} 40. b6 {[%clk 0:01:07]} c3 {[%clk 0:00:20]}
41. a5 {[%clk 0:01:07]} Rc5 {[%clk 0:00:15]} 42. b7 {[%clk 0:01:16]} c2
{[%clk 0:00:23]} 43. b8=Q {[%clk 0:00:56]} cxb1=Q+ {[%clk 0:00:26]} 44. Qxb1
{[%clk 0:00:56]} Rxa5 {[%clk 0:00:31]} 45. Qb7 {[%clk 0:01:02]} Rf5
{[%clk 0:00:39]} 46. Kf1 {[%clk 0:00:59]} h5 {[%clk 0:00:44]} 47. Ke2
{[%clk 0:01:03]} Re5+ {[%clk 0:00:50]} 48. Kd3 {[%clk 0:01:10]} Rf5
{[%clk 0:00:59]} 49. Ke4 {[%clk 0:01:17]} Kg7 {[%clk 0:01:05]} 50. Qe7 Rd5
{[%clk 0:01:08]} 51. Qa7 {[%clk 0:00:42]} Rf5 {[%clk 0:01:16]} 52. Qd4+
{[%clk 0:00:46]} Kh7 {[%clk 0:01:21]} 53. f4 {[%clk 0:00:26]} Kg8
{[%clk 0:01:29]} 54. Qc3 {[%clk 0:00:31]} Kh7 {[%clk 0:01:37]} 55. Qc8
{[%clk 0:00:37]} Kg7 {[%clk 0:01:45]} 56. Qd8 {[%clk 0:00:45]} Rd5
{[%clk 0:01:38]} 57. Qc7 {[%clk 0:00:36]} Kg8 {[%clk 0:01:34]} 58. Qc3
{[%clk 0:00:40]} Rf5 {[%clk 0:01:40]} 59. Qb2 {[%clk 0:00:32]} Kh7
{[%clk 0:01:47]} 60. Qa1 {[%clk 0:00:39]} Kg8 {[%clk 0:01:53]} 61. h3
{[%clk 0:00:44]} Kh7 {[%clk 0:02:02]} 62. Qa8 {[%clk 0:00:43]} Kg7
{[%clk 0:02:09]} 63. Qb8 {[%clk 0:00:51]} Rd5 {[%clk 0:02:06]} 64. Qb2+
{[%clk 0:00:45]} Kg8 {[%clk 0:02:15]} 65. Qb8+ {[%clk 0:00:51]} Kg7
{[%clk 0:02:23]} 66. Qe8 {[%clk 0:00:46]} Rf5 {[%clk 0:02:31]} 67. Qe7
{[%clk 0:00:53]} Rd5 {[%clk 0:02:37]} 1/2-1/2

[Event "Wroclaw"]
[Site "?"]
[Date "2020.08.25"]
[Round "8.3"]
[White "Nowak, Mikolaj"]
[Black "Golenia, Jan"]
[Result "0-1"]
[BlackElo "2033"]
[WhiteElo "2200"]
[LiveChessVersion "1.4.8"]

1. d4 {[%clk 0:15:19]} e6 {[%clk 0:15:19]} 2. c4 {[%clk 0:15:24]} b6
{[%clk 0:15:28]} 3. Nc3 {[%clk 0:15:32]} Bb7 {[%clk 0:15:37]} 4. Bf4
{[%clk 0:15:40]} Bb4 {[%clk 0:15:42]} 5. e3 {[%clk 0:15:47]} f5 {[%clk 0:15:16]}
6. Nge2 {[%clk 0:15:47]} Nf6 {[%clk 0:15:23]} 7. a3 {[%clk 0:15:55]} Bxc3+
{[%clk 0:15:19]} 8. Nxc3 {[%clk 0:16:03]} O-O {[%clk 0:14:43]} 9. Qc2
{[%clk 0:16:08]} d6 {[%clk 0:14:28]} 10. O-O-O {[%clk 0:15:39]} Nbd7
{[%clk 0:13:57]} 11. f3 {[%clk 0:15:20]} Nh5 {[%clk 0:12:57]} 12. Kb1
{[%clk 0:14:55]} Qf6 {[%clk 0:11:54]} 13. Bg3 {[%clk 0:14:28]} f4
{[%clk 0:11:01]} 14. Bf2 {[%clk 0:13:30]} fxe3 {[%clk 0:09:03]} 15. Bxe3
{[%clk 0:13:38]} Nf4 {[%clk 0:08:20]} 16. Rg1 {[%clk 0:11:17]} Qg6
{[%clk 0:06:22]} 17. g3 {[%clk 0:10:59]} Qxc2+ {[%clk 0:06:28]} 18. Kxc2
{[%clk 0:11:07]} Nh5 {[%clk 0:06:02]} 19. f4 {[%clk 0:11:01]} Bf3
{[%clk 0:03:38]} 20. Re1 {[%clk 0:10:45]} Ndf6 {[%clk 0:03:38]} 21. Bd2
{[%clk 0:10:21]} Kf7 {[%clk 0:03:19]} 22. h3 {[%clk 0:09:49]} g6 {[%clk 0:03:21]}
23. Bd3 {[%clk 0:09:28]} Bc6 {[%clk 0:01:35]} 24. g4 {[%clk 0:08:18]} Ng7
{[%clk 0:01:45]} 25. h4 {[%clk 0:08:27]} Bf3 {[%clk 0:01:38]} 26. g5
{[%clk 0:05:41]} Nfh5 {[%clk 0:01:47]} 27. c5 {[%clk 0:03:24]} Nf5
{[%clk 0:00:56]} 28. Bxf5 {[%clk 0:03:06]} gxf5 {[%clk 0:01:05]} 29. Nb5
{[%clk 0:02:37]} bxc5 {[%clk 0:00:47]} 30. dxc5 {[%clk 0:01:39]} Be4+
{[%clk 0:00:45]} 31. Kc1 {[%clk 0:00:57]} Rfd8 {[%clk 0:00:37]} 32. cxd6
{[%clk 0:00:44]} cxd6 {[%clk 0:00:46]} 33. Bb4 {[%clk 0:00:48]} Nxf4
{[%clk 0:00:47]} 34. Nxd6+ {[%clk 0:00:26]} Rxd6 {[%clk 0:00:55]} 35. Bxd6
{[%clk 0:00:33]} Rc8+ {[%clk 0:01:05]} 36. Kd2 {[%clk 0:00:35]} Rd8
{[%clk 0:01:14]} 37. Ke3 {[%clk 0:00:30]} Nd5+ {[%clk 0:01:23]} 38. Kd4
{[%clk 0:00:36]} Rxd6 {[%clk 0:01:32]} 39. Ke5 {[%clk 0:00:41]} Rb6
{[%clk 0:01:33]} 40. h5 {[%clk 0:00:44]} Ne7 {[%clk 0:01:41]} 41. b4
{[%clk 0:00:46]} Nc6+ {[%clk 0:01:41]} 42. Kf4 {[%clk 0:00:49]} e5+
{[%clk 0:01:50]} 43. Kg3 {[%clk 0:00:53]} Nd4 {[%clk 0:01:58]} 44. Rgf1
{[%clk 0:01:00]} Ke6 {[%clk 0:01:36]} 45. g6 {[%clk 0:00:55]} hxg6
{[%clk 0:01:32]} 46. hxg6 {[%clk 0:01:01]} Ke7 {[%clk 0:01:40]} 47. Kf2
{[%clk 0:00:57]} Rxg6 {[%clk 0:01:47]} 48. Rg1 {[%clk 0:01:06]} Rh6
{[%clk 0:00:51]} 49. Rg7+ {[%clk 0:01:08]} Kf6 {[%clk 0:01:00]} 50. Rxa7
{[%clk 0:01:07]} Rh2+ {[%clk 0:01:09]} 51. Kg3 {[%clk 0:01:14]} Rg2+
{[%clk 0:01:16]} 52. Kh3 {[%clk 0:01:21]} Ne2 {[%clk 0:01:16]} 53. Rd7
{[%clk 0:00:46]} Nf4+ {[%clk 0:01:23]} 54. Kh4 {[%clk 0:00:52]} Rg4#
{[%clk 0:01:32]} 0-1

[Event "Wroclaw"]
[Site "?"]
[Date "2020.08.25"]
[Round "8.4"]
[White "Kokoszczynski, Jan"]
[Black "Pytel, Maciej"]
[Result "1-0"]
[BlackElo "1862"]
[WhiteElo "2013"]
[LiveChessVersion "1.4.8"]

1. d4 Nf6 2. c4 e6 3. Nf3 Bb4+ 4. Bd2 Qe7 5. g3 Nc6 6. Nc3 Bxc3 7. Bxc3 d5 8. Bg2
O-O 9. O-O Ne4 10. Rc1 Bd7 11. b3 Rfd8 12. Bb2 f5 13. e3 Be8 14. Ne1 Nf6 15. Nd3
Bh5 16. Qc2 Rac8 17. a3 Bf7 18. Rfe1 g5 19. Ne5 Be8 20. cxd5 Nxd5 21. e4 fxe4 22.
Qxe4 Nxe5 23. Qxe5 c6 24. Qxe6+ Qxe6 25. Rxe6 Bf7 26. Re5 h6 27. Rce1 Rc7 28. Bf1
Nb6 29. R1e3 Kf8 30. a4 Nd5 31. Rf3 Kg7 32. Bc4 a6 33. a5 Rcd7 34. Ba3 Re8 35.
Rxe8 Bxe8 36. Bf8+ Kh7 37. Bd3+ Bg6 38. Bxg6+ Kxg6 39. Bc5 Rf7 40. Rd3 g4 41. Kg2
h5 42. h3 gxh3+ 43. Kxh3 Rxf2 44. Rd1 Rb2 45. Re1 Rxb3 46. Re6+ Kf7 47. Re5 Kf6
48. Kh4 Rb2 49. Kxh5 Rc2 50. Re1 Kf5 51. g4+ Kf6 52. Rf1+ Kg7 53. Rb1 Nf4+ 54.
Kh4 Ne6 55. Rxb7+ Kg6 56. Rb6 Nd8 57. Rxa6 Rh2+ 58. Kg3 Rc2 59. Rb6 Kf7 60. a6
Ra2 61. Rb8 Ne6 62. a7 Nxc5 63. a8=Q Rxa8 64. Rxa8 Ne6 65. Ra4 Kf6 66. Kh4 Kg6
67. Rc4 Kg7 68. Rxc6 Nxd4 69. Ra6 1-0

[Event "Wroclaw"]
[Site "?"]
[Date "2020.08.25"]
[Round "8.5"]
[White "Lis, Mateusz"]
[Black "Kulesza, Andrzej"]
[Result "1-0"]
[BlackElo "1717"]
[WhiteElo "1973"]
[LiveChessVersion "1.4.8"]

1. e4 c5 2. Nf3 d6 3. d4 cxd4 4. Nxd4 Nf6 5. Nc3 a6 6. Be3 e5 7. Nf3 Be6 8. Ng5
b5 9. Nxe6 fxe6 10. Qf3 d5 11. exd5 exd5 12. O-O-O e4 13. Qf5 g6 14. Qe6+ Qe7 15.
Qxe7+ Bxe7 16. Nxd5 Nxd5 17. Rxd5 Nd7 18. Be2 Nf6 19. Re5 Kf7 20. Rd1 Rad8 21.
Bg5 Rxd1+ 22. Kxd1 h6 23. Bxf6 Bxf6 24. Rxe4 Bxb2 25. c4 b4 26. c5 a5 27. Bc4+
Kf6 28. Re6+ Kf5 29. Rd6 g5 30. Kc2 Be5 31. Bd3+ Kf4 32. Re6 Rc8 33. g3+ Kf3 34.
Rxe5 Kxf2 35. Kb3 Kg2 36. Re2+ Kf3 37. Kc4 Rd8 38. Re6 h5 39. c6 Rc8 40. Be2+ Kg2
41. Bxh5 Kxh2 42. g4 Kg3 43. Rd6 Kf4 44. Kc5 Ke5 45. Rg6 Kf4 46. Rg7 a4 47. Rb7
1-0

[Event "Wroclaw"]
[Site "?"]
[Date "2020.08.25"]
[Round "8.6"]
[White "Majocha, Piotr"]
[Black "Kozak, Antoni"]
[Result "0-1"]
[BlackElo "2270"]
[WhiteElo "1822"]
[LiveChessVersion "1.4.8"]

1. d4 {[%clk 0:15:19]} d5 {[%clk 0:15:18]} 2. Nf3 {[%clk 0:15:27]} Nf6
{[%clk 0:15:26]} 3. c4 {[%clk 0:15:34]} e6 {[%clk 0:15:35]} 4. g3
{[%clk 0:15:41]} dxc4 {[%clk 0:15:32]} 5. Qa4+ {[%clk 0:15:19]} Nbd7
{[%clk 0:14:51]} 6. Bg2 {[%clk 0:14:44]} a6 {[%clk 0:15:00]} 7. Qxc4
{[%clk 0:14:44]} b5 {[%clk 0:15:08]} 8. Qc2 {[%clk 0:12:25]} Bb7 {[%clk 0:15:16]}
9. O-O {[%clk 0:12:30]} c5 {[%clk 0:15:17]} 10. dxc5 {[%clk 0:11:44]} Bxc5
{[%clk 0:15:24]} 11. Nc3 {[%clk 0:11:37]} Rc8 {[%clk 0:15:10]} 12. Qb3
{[%clk 0:11:06]} O-O {[%clk 0:14:42]} 13. Bf4 {[%clk 0:10:34]} b4
{[%clk 0:13:30]} 14. Na4 {[%clk 0:10:35]} Be7 {[%clk 0:13:38]} 15. Ne5
{[%clk 0:09:27]} Bxg2 {[%clk 0:13:20]} 16. Kxg2 {[%clk 0:09:35]} Nd5
{[%clk 0:13:18]} 17. Nxd7 {[%clk 0:08:51]} Nxf4+ {[%clk 0:13:27]} 18. gxf4
{[%clk 0:09:00]} Qxd7 {[%clk 0:13:35]} 19. Rfd1 {[%clk 0:08:23]} Qc6+
{[%clk 0:13:34]} 20. Kg1 {[%clk 0:08:27]} Qb5 {[%clk 0:13:26]} 21. e3
{[%clk 0:08:13]} Qe2 {[%clk 0:12:49]} 22. Qd3 {[%clk 0:07:29]} Qg4+
{[%clk 0:12:50]} 23. Kh1 {[%clk 0:07:32]} Qf3+ {[%clk 0:12:59]} 24. Kg1
{[%clk 0:07:39]} e5 {[%clk 0:13:08]} 25. Qd5 {[%clk 0:07:06]} e4 {[%clk 0:12:57]}
26. Nb6 {[%clk 0:04:54]} Bh4 {[%clk 0:12:26]} 27. Rd2 {[%clk 0:03:48]} Rfd8
{[%clk 0:10:00]} 28. Nxc8 {[%clk 0:01:53]} Rxd5 {[%clk 0:10:02]} 29. Ne7+
{[%clk 0:02:02]} Bxe7 {[%clk 0:09:57]} 30. Rxd5 {[%clk 0:02:10]} g6
{[%clk 0:10:02]} 31. Rad1 {[%clk 0:01:10]} h5 {[%clk 0:10:07]} 32. Kf1
{[%clk 0:00:42]} Bh4 {[%clk 0:10:12]} 33. R1d2 {[%clk 0:00:38]} Qh1+
{[%clk 0:10:20]} 34. Ke2 {[%clk 0:00:44]} Qxh2 {[%clk 0:10:27]} 35. Kd1
{[%clk 0:00:51]} Bxf2 {[%clk 0:10:24]} 36. Kc2 {[%clk 0:00:46]} Qg1
{[%clk 0:10:23]} 37. f5 {[%clk 0:00:40]} Bxe3 {[%clk 0:10:21]} 38. Rd1
{[%clk 0:00:49]} Qf2+ {[%clk 0:10:25]} 39. Kb3 {[%clk 0:00:57]} gxf5
{[%clk 0:10:28]} 0-1

[Event "Wroclaw"]
[Site "?"]
[Date "2020.08.25"]
[Round "8.7"]
[White "Psyk, Radoslaw"]
[Black "Pacan-Milej, Kosma"]
[Result "1-0"]
[BlackElo "2118"]
[WhiteElo "2236"]
[LiveChessVersion "1.4.8"]

1. e4 {[%clk 0:15:19]} c5 {[%clk 0:15:18]} 2. Nc3 {[%clk 0:15:27]} Nc6
{[%clk 0:15:19]} 3. Bb5 {[%clk 0:15:33]} Nf6 {[%clk 0:15:20]} 4. Bxc6
{[%clk 0:15:16]} dxc6 {[%clk 0:15:27]} 5. f4 {[%clk 0:15:19]} g6 {[%clk 0:15:21]}
6. Nf3 {[%clk 0:15:28]} Bg7 {[%clk 0:15:20]} 7. d3 {[%clk 0:15:33]} c4
{[%clk 0:13:11]} 8. O-O {[%clk 0:08:24]} cxd3 {[%clk 0:13:09]} 9. cxd3
{[%clk 0:08:33]} Qb6+ {[%clk 0:12:34]} 10. Kh1 {[%clk 0:08:24]} Bg4
{[%clk 0:12:42]} 11. h3 {[%clk 0:07:34]} h5 {[%clk 0:12:11]} 12. e5
{[%clk 0:07:27]} Nd7 {[%clk 0:10:20]} 13. Qe1 {[%clk 0:06:50]} Bf5
{[%clk 0:07:38]} 14. Ne4 {[%clk 0:04:02]} O-O-O {[%clk 0:05:27]} 15. Be3
{[%clk 0:02:56]} Qa6 {[%clk 0:05:33]} 16. Qc3 {[%clk 0:02:17]} Kb8
{[%clk 0:05:12]} 17. Rfd1 {[%clk 0:02:18]} f6 {[%clk 0:04:31]} 18. Nc5
{[%clk 0:00:59]} Nxc5 {[%clk 0:04:24]} 19. Qxc5 {[%clk 0:01:09]} Bg4
{[%clk 0:02:43]} 20. Rf1 {[%clk 0:00:34]} Rxd3 {[%clk 0:01:27]} 21. Nh4
{[%clk 0:00:43]} Be6 {[%clk 0:00:20]} 22. Qxe7 {[%clk 0:00:34]} Rxe3
{[%clk 0:00:26]} 23. Qxg7 {[%clk 0:00:17]} Rc8 {[%clk 0:00:25]} 24. exf6
{[%clk 0:00:14]} Bd5 {[%clk 0:00:30]} 25. Kh2 {[%clk 0:00:16]} Qe2
{[%clk 0:00:17]} 26. f7 {[%clk 0:00:15]} Rxh3+ {[%clk 0:00:12]} 27. Kxh3
{[%clk 0:00:24]} Qg4+ {[%clk 0:00:16]} 28. Kh2 {[%clk 0:00:34]} Qxh4+
{[%clk 0:00:24]} 29. Kg1 {[%clk 0:00:43]} Qe7 {[%clk 0:00:13]} 30. Qe5+
{[%clk 0:00:27]} Qxe5 {[%clk 0:00:21]} 31. fxe5 {[%clk 0:00:36]} Rf8
{[%clk 0:00:28]} 32. Rae1 {[%clk 0:00:23]} Rxf7 {[%clk 0:00:26]} 33. Rxf7
{[%clk 0:00:28]} Bxf7 {[%clk 0:00:34]} 34. e6 {[%clk 0:00:37]} Be8
{[%clk 0:00:41]} 35. Rd1 {[%clk 0:00:22]} Kc7 {[%clk 0:00:48]} 36. Kf2
{[%clk 0:00:21]} g5 {[%clk 0:00:45]} 37. Ke3 {[%clk 0:00:28]} h4 {[%clk 0:00:38]}
38. Ke4 {[%clk 0:00:33]} g4 {[%clk 0:00:40]} 39. Kf4 {[%clk 0:00:15]} h3
{[%clk 0:00:42]} 40. g3 {[%clk 0:00:15]} h2 {[%clk 0:00:34]} 41. Kxg4
{[%clk 0:00:24]} c5 {[%clk 0:00:34]} 42. Rh1 {[%clk 0:00:21]} Kd6
{[%clk 0:00:38]} 43. Kf5 {[%clk 0:00:28]} Kd5 {[%clk 0:15:10]} 44. Ke4+ 1-0

[Event "Wroclaw"]
[Site "?"]
[Date "2020.08.25"]
[Round "8.8"]
[White "Galuszka, Tomasz"]
[Black "Musial, Tomasz"]
[Result "1/2-1/2"]
[BlackElo "1958"]
[WhiteElo "1854"]
[LiveChessVersion "1.4.8"]

1. e4 {[%clk 0:15:18]} e6 {[%clk 0:15:19]} 2. d4 {[%clk 0:15:26]} d5
{[%clk 0:15:28]} 3. Nd2 {[%clk 0:15:35]} c5 {[%clk 0:15:37]} 4. exd5
{[%clk 0:15:40]} Qxd5 {[%clk 0:15:45]} 5. Ngf3 {[%clk 0:15:45]} cxd4
{[%clk 0:15:54]} 6. Bc4 {[%clk 0:15:52]} Qd6 {[%clk 0:16:03]} 7. Qe2
{[%clk 0:15:57]} Nf6 {[%clk 0:15:34]} 8. Nb3 {[%clk 0:16:05]} Nc6
{[%clk 0:15:42]} 9. Bg5 {[%clk 0:16:04]} a6 {[%clk 0:14:53]} 10. O-O-O
{[%clk 0:16:11]} b5 {[%clk 0:14:55]} 11. Bd3 {[%clk 0:16:20]} Bb7
{[%clk 0:14:07]} 12. Nbxd4 {[%clk 0:13:49]} Nxd4 {[%clk 0:13:32]} 13. Nxd4
{[%clk 0:13:58]} Qc5 {[%clk 0:08:33]} 14. Bxf6 {[%clk 0:11:43]} gxf6
{[%clk 0:08:39]} 15. Nb3 {[%clk 0:10:30]} Bh6+ {[%clk 0:06:34]} 16. Kb1
{[%clk 0:10:38]} Qe5 {[%clk 0:06:36]} 17. Qxe5 {[%clk 0:09:15]} fxe5
{[%clk 0:06:13]} 18. Rhe1 {[%clk 0:09:24]} Bxg2 {[%clk 0:05:01]} 19. Be4
{[%clk 0:08:15]} Bxe4 {[%clk 0:05:07]} 20. Rxe4 {[%clk 0:08:23]} Bf4
{[%clk 0:04:48]} 21. h3 {[%clk 0:08:24]} Rg8 {[%clk 0:04:08]} 22. Nc5
{[%clk 0:08:11]} Rd8 {[%clk 0:02:50]} 23. Rxd8+ {[%clk 0:07:01]} Kxd8
{[%clk 0:02:59]} 24. a4 {[%clk 0:07:10]} Rg1+ {[%clk 0:02:28]} 25. Ka2
{[%clk 0:07:19]} Rg2 {[%clk 0:02:37]} 26. Nd3 {[%clk 0:07:08]} Bh6
{[%clk 0:01:18]} 27. axb5 {[%clk 0:07:02]} axb5 {[%clk 0:01:27]} 28. Rxe5
{[%clk 0:07:09]} b4 {[%clk 0:01:27]} 29. Rh5 {[%clk 0:07:14]} Bd2
{[%clk 0:01:20]} 30. Rxh7 {[%clk 0:07:16]} Ke7 {[%clk 0:01:27]} 31. Rh4
{[%clk 0:06:18]} f5 {[%clk 0:01:25]} 32. f4 {[%clk 0:05:30]} Rg3 {[%clk 0:01:03]}
33. Kb3 {[%clk 0:05:32]} Kd6 {[%clk 0:00:48]} 34. Kc4 1/2-1/2

[Event "Wroclaw"]
[Site "?"]
[Date "2020.08.25"]
[Round "8.9"]
[White "Szpar, Milosz"]
[Black "Warchol, Bartosz"]
[Result "1-0"]
[BlackElo "1704"]
[WhiteElo "2262"]
[LiveChessVersion "1.4.8"]

1. e4 {[%clk 0:15:19]} c5 {[%clk 0:15:15]} 2. Nf3 {[%clk 0:15:28]} d6
{[%clk 0:15:25]} 3. d4 {[%clk 0:15:37]} cxd4 {[%clk 0:15:34]} 4. Qxd4
{[%clk 0:15:46]} a6 {[%clk 0:15:23]} 5. c4 {[%clk 0:15:54]} Nc6 {[%clk 0:15:31]}
6. Qe3 {[%clk 0:16:01]} Nf6 {[%clk 0:15:38]} 7. h3 {[%clk 0:16:06]} g6
{[%clk 0:15:43]} 8. Be2 {[%clk 0:16:14]} Bg7 {[%clk 0:15:51]} 9. O-O
{[%clk 0:16:22]} O-O {[%clk 0:15:57]} 10. Nc3 {[%clk 0:16:31]} Bd7
{[%clk 0:14:21]} 11. Rd1 {[%clk 0:16:38]} Qb8 {[%clk 0:13:36]} 12. Rb1
{[%clk 0:16:45]} Rc8 {[%clk 0:13:38]} 13. b3 {[%clk 0:16:53]} Na5
{[%clk 0:12:14]} 14. e5 {[%clk 0:16:42]} dxe5 {[%clk 0:11:17]} 15. Nxe5
{[%clk 0:16:50]} Bf5 {[%clk 0:10:53]} 16. Bd3 {[%clk 0:16:18]} Ne4
{[%clk 0:08:54]} 17. Bxe4 {[%clk 0:15:27]} Qxe5 {[%clk 0:06:23]} 18. Bxf5
{[%clk 0:15:24]} Qxf5 {[%clk 0:05:54]} 19. Ba3 {[%clk 0:15:32]} e6
{[%clk 0:03:43]} 20. Ne4 {[%clk 0:15:41]} Rd8 {[%clk 0:03:12]} 21. Nd6
{[%clk 0:14:43]} Qe5 {[%clk 0:03:17]} 22. Qb6 {[%clk 0:14:33]} Rab8
{[%clk 0:02:18]} 23. Bb2 {[%clk 0:12:23]} Qh5 {[%clk 0:02:14]} 24. Bxg7
{[%clk 0:12:24]} Kxg7 {[%clk 0:02:22]} 25. Qc7 {[%clk 0:12:30]} Rf8
{[%clk 0:00:35]} 26. Nxf7 {[%clk 0:12:28]} Rxf7 {[%clk 0:00:44]} 27. Qxb8
{[%clk 0:12:36]} Qe2 {[%clk 0:00:44]} 28. Qg3 {[%clk 0:12:38]} Nc6
{[%clk 0:00:52]} 29. a3 {[%clk 0:11:47]} e5 {[%clk 0:00:53]} 30. Qe3
{[%clk 0:11:54]} Qc2 {[%clk 0:00:54]} 31. b4 {[%clk 0:11:52]} Qxc4
{[%clk 0:00:51]} 32. a4 {[%clk 0:11:50]} e4 {[%clk 0:00:21]} 33. b5
{[%clk 0:11:44]} axb5 {[%clk 0:00:29]} 34. axb5 {[%clk 0:11:53]} Ne5
{[%clk 0:00:30]} 35. Qd4 {[%clk 0:11:58]} Qe6 {[%clk 0:00:23]} 36. Re1
{[%clk 0:11:50]} Rf5 {[%clk 0:00:18]} 37. Rxe4 {[%clk 0:11:55]} Qf6
{[%clk 0:00:25]} 38. Rbe1 {[%clk 0:12:00]} Nf7 {[%clk 0:00:11]} 39. Qxf6+
{[%clk 0:12:03]} Kxf6 {[%clk 0:00:19]} 40. Re6+ {[%clk 0:12:11]} Kg5
{[%clk 0:00:27]} 41. Rb6 {[%clk 0:12:20]} h5 {[%clk 0:00:27]} 42. Ree6
{[%clk 0:12:22]} 1-0